000 00552nam a2200193Ia 4500
999 _c37086
_d37086
003 OSt
005 20210312105551.0
008 190216s9999||||xx |||||||||||||| ||und||
020 _a9780070620315
040 _coclc
082 _a153.43
_bTHO/T
100 _aThorpe, Edgar
_96395
245 0 _aTest Of Reasoning /
_cEdgar Thorpe
250 _a4th Ed.
260 _bTata Mcgraw-Hill Education Private Limited,
_c2011.
_aNew Delhi:
300 _a942p
650 _aReferences
942 _cBK
_2ddc
_h153.43
_iTHO/T
_k153.43
_mTHO/T